К минералогии Баженовского асбестового месторождения
| Autor principal: | |
|---|---|
| Autor corporatiu: | |
| Idioma: | rus alemany |
| Publicat: |
Ленинград, Издание Геологического комитета, 1930
|
| Col·lecció: | Материалы по общей и прикладной геологии Вып. 151 Серия работ по петрографии и минералогии |
| Matèries: | |
| Format: | Llibre |
| KOHA link: | https://koha.lib.tpu.ru/cgi-bin/koha/opac-detail.pl?biblionumber=329429 |
MARC
| LEADER | 00000nam0a2200000 4500 | ||
|---|---|---|---|
| 001 | 329429 | ||
| 005 | 20231102004147.0 | ||
| 035 | |a (RuTPU)RU\TPU\book\355189 | ||
| 090 | |a 329429 | ||
| 100 | |a 20170314d1930 k y0rusy50 ca | ||
| 101 | 0 | |a rus |a ger | |
| 102 | |a RU | ||
| 105 | |a a z 001zy | ||
| 200 | 1 | |a К минералогии Баженовского асбестового месторождения |f В. В. Черных |g СССР, Геологический комитет (Геолком) | |
| 210 | |a Ленинград |c Издание Геологического комитета |d 1930 | ||
| 215 | |a 72 с. |c ил. |e 2 табл. | ||
| 225 | 1 | |a Материалы по общей и прикладной геологии |v Вып. 151 | |
| 225 | 1 | |a Серия работ по петрографии и минералогии | |
| 320 | |a Библиогр. в примеч. | ||
| 606 | 1 | |a Асбест |x Месторождения |2 stltpush |3 (RuTPU)RU\TPU\subj\29502 |9 52815 | |
| 610 | 1 | |a минералогия | |
| 610 | 1 | |a Баженовское месторождение | |
| 610 | 1 | |a Средний Урал | |
| 610 | 1 | |a кварц | |
| 610 | 1 | |a халцедон | |
| 610 | 1 | |a бруситы | |
| 610 | 1 | |a немалит | |
| 610 | 1 | |a бурый железняк | |
| 610 | 1 | |a опал | |
| 610 | 1 | |a гидроталькит | |
| 610 | 1 | |a пироаурит | |
| 610 | 1 | |a карбонаты | |
| 610 | 1 | |a магнетит | |
| 610 | 1 | |a хромит | |
| 610 | 1 | |a везувиан | |
| 610 | 1 | |a оливин | |
| 610 | 1 | |a гранит | |
| 610 | 1 | |a хлориты | |
| 610 | 1 | |a змеевик | |
| 610 | 1 | |a тальк | |
| 610 | 1 | |a морская пенка | |
| 610 | 1 | |a афродит | |
| 610 | 1 | |a амфиболы | |
| 610 | 1 | |a нонтрониты | |
| 610 | 1 | |a граменит | |
| 610 | 1 | |a мелинит | |
| 610 | 1 | |a библиотека М. А. Усова | |
| 675 | |a 553.676 |v 4 | ||
| 700 | 1 | |a Черных |b В. В. | |
| 712 | 0 | 1 | |a СССР |b Геологический комитет (Геолком) |c (1922-1930) |2 stltpush |3 (RuTPU)RU\TPU\col\18484 |
| 801 | 1 | |a RU |b 63413507 |c 20170314 | |
| 801 | 2 | |a RU |b 63413507 |c 20190126 |g RCR | |
| 942 | |c BK | ||